000 01094nam a2200229Ia 4500
999 _c50809
_d50809
001 17762
003 GE_BSU
005 20250911185858.0
008 181216s2015||||ge |||||||||||||| ||geo||
020 _a9789941559221
040 _cGE_BSU
041 _ageo
080 _a664.02(075.8) მ-74
100 _aმიქაბერიძე, მ.
_925800
245 _aკვების საწარმოების პროცესები და მანქანა-აპარატურული სისტემები /
_cმ. მიქაბერიძე; რედ.: ქეთევან კინწურაშვილი.
264 _aქუთაისი :
_bაკაკი წერეთლის სახ. უნ-ტი,
_c2015.
300 _a492 გვ.:
_bსურ.ცხრ.;
_c21 სმ.
504 _aბიბლ.გვ.482-484
653 _aკვების საწარმოების მანქანა
700 _aკინწურაშვილი, ქეთევან
_eრედაქტორი
_917003
942 _cBK
_2udc